Ricostruisci la Carriera del Calciatore - Fernando Morientes - Statistics

Statistiche generali
  • Questo quiz è stato fatto 5 volte
  • Il punteggio medio è 3 su 9
Statistiche sulle risposte
Hint Risposta % Corretto
2015 Santa Ana
100%
1993-1995 Albacete
50%
2004-2005 Real Madrid
50%
2006-2009 Valencia
50%
2005-2006 Liverpool
0%
2003-2004 Monaco
0%
2009-2010 Olympique Marsiglia
0%
1997-2003 Real Madrid
0%
1995-1997 Real Saragozza
0%
Nessun quiz corrispondente trovato
Distribuzione punteggi
Percentuale di utenti per punteggio
Percentile per numero di risposta
I tuoi punteggi nel tempo
Non hai fatto questo quiz